Movies Quiz

Random Movies or Actor Quiz
Score 0/24 Timer 05:00
1 Play Today
% Correct
LEONARDO DiCaprio
97.1%
DENZEL Washington
95%
TOM Hanks
94.5%
NICOLAS Cage
93.9%
JACK Nicholson
92.1%
JEFF Bridges
91%
SEAN Penn
90.9%
DUSTIN Hoffman
90.8%
FOREST Whitaker
90.2%
RUSSELL Crowe
90.2%
COLIN Firth
89.2%
ADRIEN Brody
88.6%
% Correct
DANIEL Day-Lewis
87%
SIDNEY Poitier
87%
GARY Oldman
86%
MICHAEL Douglas
85.8%
MARLON Brando
81.1%
PAUL Newman
80.9%
AL Pacino
80.6%
HUMPHREY Bogart
77.9%
ROBERT De Niro
76.3%
CHARLTON Heston
75.9%
JAMES Stewart
71.9%
SPENCER Tracy
70.8%
Remove Ads.
Support Sporcle.
Get the best of Sporcle when you Go Orange. This ad-free experience offers more features, more stats, and more fun while also helping to support Sporcle. Thank you for becoming a member.

You're not logged in!

Compare scores with friends on all Sporcle quizzes.
OR
Log In

Show Comments

Extras

Top Quizzes Today


Score Distribution

Your Account Isn't Verified!

In order to create a playlist on Sporcle, you need to verify the email address you used during registration. Go to your Sporcle Settings to finish the process.

Report this User

Report this user for behavior that violates our Community Guidelines.

Details: